| 000 | 00354nam a2200145 a 4500 | ||
|---|---|---|---|
| 005 | 20260217102459.0 | ||
| 008 | 260204s2026##################000#0#eng## | ||
| 020 |
_a9780892385511 _qhbk |
||
| 041 | _aeng | ||
| 082 | 0 | 4 |
_a302.35 _bSTA.8 |
| 100 | _aStaw | ||
| 245 | 1 | 0 |
_aResearch in Organizational Behavior _c/Barry M Staw |
| 504 | _aindex | ||
| 942 | _cREF | ||
| 999 |
_c610207 _d610207 |
||